000 00390nam a22001457a 4500
999 _c1539
_d1539
008 200127b ||||| |||| 00| 0 eng d
082 0 0 _a623.89
_bJ762
100 _91176
_aJones, T. G.
245 1 0 _aPractical navigation for second mates /
_cT. G. Jones
250 _a3rd ed.
260 _aGlasgow
_bBrown,Son & Ferguson
_c1974
300 _avii, 187 p.
650 0 _aSeamanship
942 _cBK